Statistics for Baseball World Series Champions 1951-1990

Click here to take the quiz!

General Stats

  • This quiz has been taken 102 times
  • The average score is 27 of 40

Answer Stats

Hint Answer % Correct
1951New York Yankees
91%
1952New York Yankees
90%
1953New York Yankees
90%
1975Cincinnati Reds
81%
1969New York Mets
79%
1976Cincinnati Reds
77%
1961New York Yankees
76%
1986New York Mets
74%
1979Pittsburgh Pirates
74%
1988Los Angeles Dodgers
74%
1962New York Yankees
73%
1973Oakland Athletics
73%
1956New York Yankees
72%
1972Oakland Athletics
72%
1967St. Louis Cardinals
72%
1985Kansas City Royals
71%
1974Oakland Athletics
71%
1970Baltimore Orioles
71%
1990Cincinnati Reds
71%
1982St. Louis Cardinals
69%
1968Detroit Tigers
68%
1981Los Angeles Dodgers
68%
1980Philadelphia Phillies
68%
1987Minnesota Twins
67%
1984Detroit Tigers
67%
1989Oakland Athletics
65%
1958New York Yankees
65%
1971Pittsburgh Pirates
64%
1964St. Louis Cardinals
64%
1965Los Angeles Dodgers
64%
1983Baltimore Orioles
63%
1963Los Angeles Dodgers
63%
1960Pittsburgh Pirates
62%
1959Los Angeles Dodgers
60%
1966Baltimore Orioles
59%
1955Brooklyn Dodgers
45%
1954New York Giants
42%
1978New York Yankees
40%
1977New York Yankees
40%
1957Milwaukee Braves
36%

Score Distribution

Percentile by Number Answered

Percent of People with Each Score

Your Score History

You have not taken this quiz